[Event "Kireka op"]
[Site "Kireka"]
[Date "2017.12.29"]
[Round "3"]
[White "Okiring, Fred"]
[Black "Okas, Walter"]
[Result "1-0"]
[WhiteElo "1981"]
[BlackElo "2271"]
[PlyCount "148"]
[EventDate "2017.12.28"]
[EventType "swiss"]
[EventRounds "8"]
[EventCountry "UGA"]
[SourceTitle "EXT 2019"]
[Source "ChessBase"]
[SourceDate "2018.10.10"]
[SourceVersion "1"]
[SourceVersionDate "2018.10.10"]
[SourceQuality "1"]

1. e4 e5 2. Nf3 d6 3. h3 Nf6 4. Nc3 Be7 5. Bc4 0-0 6. 0-0 c6 7. Bb3 Na6 8. d3 Nc5 9. Re1 a5 10. a3 Nxb3 11. cxb3 Re8 12. Be3 Bf8 13. Rc1 d5 14. Na4 d4 15. Bg5 Qd6 16. Bxf6 Qxf6 17. Nb6 Ra6 18. Nxc8 Rxc8 19. Nd2 g6 20. Nf3 Rb6 21. Rc4 Qd6 22. Ra4 Ra8 23. Re2 Kg7 24. b4 Rba6 25. Rxa5 Rxa5 26. bxa5 Rxa5 27. Rc2 Qe6 28. Nd2 Ra7 29. Qg4 Qd6 30. h4 h5 31. Qc8 Qe7 32. g3 c5 33. Qb8 Ra6 34. Nf3 Re6 35. Kg2 b6 36. Rc4 Qd6 37. Qb7 Re7 38. Qa6 f6 39. Ra4 Qc6 40. Nd2 f5 41. Qa8 Qd7 42. Ra6 Qb5 43. Nc4 Qb3 44. Rxb6 Qxd3 45. exf5 Qxf5 46. Nd6 Qd7 47. Qe4 Qg4 48. Qxg4 hxg4 49. Ne4 Rc7 50. Ng5 d3 51. Kf1 Rd7 52. Ke1 Be7 53. Kd2 Bxg5+ 54. hxg5 c4 55. Rb4 Rc7 56. a4 Kf7 57. a5 Ke6 58. a6 Kf5 59. Ra4 Ra7 60. b3 cxb3 61. Kxd3 Rc7 62. Rb4 Rc6 63. a7 Ra6 64. Rb7 e4+ 65. Kc3 e3 66. fxe3 Ke4 67. Kxb3 Kf3 68. e4 Kxe4 69. Rb4+ Kf3 70. Ra4 Rxa7 71. Rxa7 Kxg3 72. Kc4 Kf4 73. Rf7+ Kxg5 74. Kd3 g3 1-0